000 00371 a2200169 4500
001 69151
020 _a8508080956
040 _cAnchieta - Itaigara
100 _aAzevedo, Ricardo
240 1 0 _aUm homem no sótão
_lpor
245 1 0 _aUm homem no sótão
300 _a57
362 0 _a2001
440 1 _aÁtica
650 4 _aLiteratura infanto-juvenil
942 _cBK
999 _c69151
_d69151